| 000 | 00870nmm a2200301 a 4500 | ||
|---|---|---|---|
| 003 | AR-BaBNM | ||
| 005 | 20251128211751.0 | ||
| 008 | 296020sc200 ||||||||||||||000 | spa|| | ||
| 020 | _a84-205-4232-6 | ||
| 040 | _cAR-BaBNM | ||
| 100 | 1 | _aVieiro Iglesias, Pilar | |
| 245 | 1 | 0 |
_aPsicología de la lectura _bprocesos, teorías y aplicaciones instruccionales |
| 260 |
_aMadrid _bPearson-Prentice Hall _cc2004 |
||
| 300 | 1 |
_ax, 281 p. _bil., gráfs., tablas |
|
| 504 | _aContiene referencias bibliográficas | ||
| 650 | 4 | _aPROCESO DE LECTURA | |
| 650 | 4 | _aDIFICULTAD EN LA LECTURA | |
| 650 | 4 | _aLECTURA | |
| 650 | 4 | _aMEMORIA | |
| 650 | 4 | _aCONDUCTISMO | |
| 653 | 0 | _aCONSTRUCTIVISMO | |
| 653 | 0 | _aCOMPRENSION LECTORA | |
| 653 | 0 | _aMETACOGNICION | |
| 653 | 0 | _aPSICOLOGIA COGNITIVA | |
| 700 | 1 | _aGómez Veiga, Isabel | |
| 942 | _cBK | ||
| 998 | _cme-solo cat | ||
| 999 |
_c21027 _d21027 |
||